| 000 | 00671nam a2200253Ia 4500 | ||
|---|---|---|---|
| 003 | OSt | ||
| 005 | 20220918201259.0 | ||
| 006 | a|||||r|||| 00| 0 | ||
| 007 | ta | ||
| 008 | 220917b |||||||| |||| 00| 0 eng d | ||
| 024 | _a92,836 | ||
| 037 | _cTextual | ||
| 040 |
_aARTS _cARTS _beng |
||
| 041 |
_2eng _aeng |
||
| 082 | _aV1:19:N7, L1 (TTW) | ||
| 100 |
_aNorthedge F S _997889 |
||
| 245 | 0 | _aHundred years of international relations | |
| 260 | _c1971 | ||
| 490 | _aHundred year series | ||
| 650 | _aHISTORY | ||
| 700 |
_a Grieve M J _997890 |
||
| 942 |
_hV1:19:N7, L1 (TTW) _cTEXL _2CC |
||
| 999 |
_c216487 _d216487 |
||